| 000 | 00475nam a22001937a 4500 | ||
|---|---|---|---|
| 003 | OSt | ||
| 005 | 20241030112507.0 | ||
| 008 | 210226s ||||| |||| 00| 0 eng d | ||
| 040 |
_aeng _beng _cDLC |
||
| 041 | _aeng | ||
| 080 |
_a61 _bP-90 |
||
| 245 |
_aPractice Cases for USMLE STEP 2 CS _b(Xerox Copy) |
||
| 260 |
_bElsivier _c2013 |
||
| 300 | _a103 p. | ||
| 650 | 0 |
_969 _aMedicine |
|
| 650 | 0 |
_987 _aUSMLE Step 2 CS |
|
| 653 | _aმედიცინა | ||
| 942 |
_2udc _cBK |
||
| 999 |
_c1759 _d1759 |
||